[Event "Wiesbaden op 23rd"]
[Site "Wiesbaden"]
[Date "2011.08.28"]
[Round "7"]
[White "Belz, Frank Martin"]
[Black "Kuhnigk, Thomas"]
[Result "1-0"]
[WhiteElo "2025"]
[BlackElo "1701"]
[PlyCount "33"]
[EventDate "2011.08.25"]
[EventType "swiss"]
[EventRounds "7"]
[EventCountry "GER"]
[SourceTitle "CBM 144 Extra"]
[Source "ChessBase"]
[SourceDate "2011.10.28"]
[SourceVersion "1"]
[SourceVersionDate "2011.10.28"]
[SourceQuality "1"]

1. Nf3 d5 2. c4 d4 3. g3 c5 4. d3 Nc6 5. e3 Bg4 6. Bg2 Qd7 7. e4 e5 8. h3 Bxf3 9. Qxf3 Bd6 10. h4 Nge7 11. Bh3 Qc7 12. 0-0 h5 13. Bg5 Nd8 14. Na3 a6 15. Nc2 Ne6 16. Bd2 0-0-0 17. Qxf7 1-0

[Event "Hessen-ch Gr-D 64th"]
[Site "Bad Vilbel"]
[Date "2010.04.03"]
[Round "3"]
[White "Kuhnigk, Thomas"]
[Black "Becker, Natalie"]
[Result "1/2-1/2"]
[WhiteElo "1680"]
[BlackElo "1795"]
[PlyCount "72"]
[EventDate "2010.03.31"]
[EventType "swiss"]
[EventRounds "5"]
[EventCountry "GER"]
[SourceTitle "EXT 2011"]
[Source "ChessBase"]
[SourceDate "2010.11.26"]
[SourceVersion "1"]
[SourceVersionDate "2010.11.26"]
[SourceQuality "1"]

1. d4 g6 2. c4 d6 3. Nc3 Bg7 4. e4 Nf6 5. Be2 0-0 6. h3 c5 7. d5 Nbd7 8. Bg5 h6 9. Be3 Qa5 10. Qd2 Kh7 11. Nf3 Ne8 12. g4 Nc7 13. Nh2 a6 14. 0-0 b5 15. f4 bxc4 16. Bxc4 Rb8 17. a3 Nb5 18. Bxb5 axb5 19. Qc2 b4 20. axb4 Qxb4 21. Rfb1 Nb6 22. Bc1 Bd7 23. Nf3 Nc4 24. Nd2 Bd4+ 25. Kh2 h5 26. Nxc4 Qxc4 27. gxh5 gxh5 28. Qd1 Rh8 29. Qf3 Rbg8 30. Bd2 Kg7 31. Rg1+ Bxg1+ 32. Rxg1+ Kf8 33. Rxg8+ Rxg8 34. Ne2 h4 35. Bc3 Bb5 36. Ng1 Rg3 1/2-1/2

[Event "Hessen-ch Gr-D"]
[Site "Idstein"]
[Date "2009.04.10"]
[Round "1"]
[White "Kitreiber, Michael"]
[Black "Kuhnigk, Thomas"]
[Result "1/2-1/2"]
[WhiteElo "1537"]
[BlackElo "1698"]
[PlyCount "44"]
[EventDate "2009.04.10"]
[EventType "swiss"]
[EventRounds "5"]
[EventCountry "GER"]
[SourceTitle "EXT 2010"]
[Source "ChessBase"]
[SourceDate "2010.11.25"]
[SourceVersion "1"]
[SourceVersionDate "2010.11.25"]
[SourceQuality "1"]

1. e4 d5 2. Qe2 dxe4 3. Qxe4 Nf6 4. Qe2 g6 5. g3 Bg7 6. Bg2 0-0 7. Nf3 c6 8. c3 Bf5 9. Nd4 Qd7 10. 0-0 Re8 11. Nxf5 Qxf5 12. d3 Nbd7 13. Be4 Qb5 14. Re1 Nxe4 15. dxe4 Qxe2 16. Rxe2 Rad8 17. Be3 b6 18. Nd2 Ne5 19. h3 Rd7 20. f4 Nd3 21. Nb3 c5 22. e5 c4 1/2-1/2

[Event "Wiesbaden op"]
[Site "Wiesbaden"]
[Date "2007.08.09"]
[Round "7"]
[White "Kannenberg, Carl Friedrich"]
[Black "Kuhnigk, Thomas"]
[Result "1-0"]
[WhiteElo "1972"]
[BlackElo "1741"]
[PlyCount "65"]
[EventDate "2007.08.02"]
[EventType "swiss"]
[EventRounds "7"]
[EventCountry "GER"]
[SourceTitle "EXT 2008"]
[Source "ChessBase"]
[SourceDate "2007.11.25"]
[SourceVersion "1"]
[SourceVersionDate "2007.11.25"]
[SourceQuality "1"]

1. e4 d5 2. exd5 Nf6 3. Nf3 Nxd5 4. d4 g6 5. Be2 Bg7 6. c3 0-0 7. 0-0 Nd7 8. c4 N5f6 9. Nc3 c6 10. Bf4 Nh5 11. Be3 Qc7 12. Qc1 Nhf6 13. Re1 b6 14. Bf4 Qd8 15. Qd2 Nh5 16. Bh6 Bb7 17. Bxg7 Kxg7 18. Rad1 Qc7 19. g3 Rad8 20. Nh4 Nhf6 21. Bf3 Rfe8 22. Qg5 e6 23. Bg2 h6 24. Qc1 e5 25. dxe5 Rxe5 26. f4 Rxe1+ 27. Rxe1 Nc5 28. Rd1 Nd3 29. Qc2 Qe7 30. Rxd3 Qe1+ 31. Bf1 Ng4 32. Ng2 Rxd3 33. Nxe1 1-0

[Event "Wiesbaden op"]
[Site "Wiesbaden"]
[Date "2007.08.09"]
[Round "3"]
[White "Koenitz, Klaus"]
[Black "Kuhnigk, Thomas"]
[Result "1/2-1/2"]
[WhiteElo "1713"]
[BlackElo "1741"]
[PlyCount "50"]
[EventDate "2007.08.02"]
[EventType "swiss"]
[EventRounds "7"]
[EventCountry "GER"]
[SourceTitle "EXT 2008"]
[Source "ChessBase"]
[SourceDate "2007.11.25"]
[SourceVersion "1"]
[SourceVersionDate "2007.11.25"]
[SourceQuality "1"]

1. c4 c5 2. Nf3 Nf6 3. Nc3 d5 4. cxd5 Nxd5 5. e4 Nf6 6. d4 e6 7. Bg5 Be7 8. Bb5+ Bd7 9. Qa4 cxd4 10. Nxd4 0-0 11. Rd1 h6 12. Bxf6 Bxf6 13. Bxd7 Nxd7 14. Nxe6 fxe6 15. Qxd7 Qb6 16. 0-0 Rad8 17. Qa4 Qxb2 18. Rxd8 Rxd8 19. Nd1 Qe2 20. Ne3 Rd4 21. Qe8+ Kh7 22. Qxe6 Bg5 23. Qf5+ Kg8 24. Qc8+ Kh7 25. Qf5+ Kg8 1/2-1/2

[Event "Wiesbaden op"]
[Site "Wiesbaden"]
[Date "2007.08.09"]
[Round "6"]
[White "Kuhnigk, Thomas"]
[Black "Reichert, Rudolf"]
[Result "1-0"]
[WhiteElo "1741"]
[BlackElo "1942"]
[PlyCount "45"]
[EventDate "2007.08.02"]
[EventType "swiss"]
[EventRounds "7"]
[EventCountry "GER"]
[SourceTitle "EXT 2008"]
[Source "ChessBase"]
[SourceDate "2007.11.25"]
[SourceVersion "1"]
[SourceVersionDate "2007.11.25"]
[SourceQuality "1"]

1. d4 d5 2. c4 Nc6 3. cxd5 Qxd5 4. Nf3 e6 5. Bf4 Bd6 6. Bxd6 cxd6 7. Nc3 Qa5 8. g3 a6 9. Bg2 Bd7 10. 0-0 Nce7 11. a3 Rc8 12. Rc1 b5 13. Qd3 Nf6 14. e4 e5 15. dxe5 dxe5 16. Nxe5 Be6 17. Nd5 Nfxd5 18. Rxc8+ Bxc8 19. exd5 0-0 20. d6 Ng6 21. Nc6 Qb6 22. d7 Rd8 23. Nxd8 1-0